Кий , Щек і Хорив, сестра їх Либідь та пракорені українського народу (Запис № 344757)

МАРК-запис
000 -Лідер
fixed length control field 00731nam a22002417a 4500
003 - Ідентифікатор контрольного номера
control field UA-OsUOA
001 - Контрольний номер
control field 58789
007 - Фіксоване поле фізичного опису
fixed length control field ta
008 - Елементи даних фіксованої довжини – загальна інформація
fixed length control field 20090225b un ||||| |||| 00| 0 ukr d
090 ## - Локальний шифр розміщення
Класифікаційний індекс УДК 94 (477-25).02: 929
Авторський знак (НП) Б24
040 ## - Джерело каталогізації
Агенція оригінальної каталогізації UA-OsUOA
Мова каталогізації ukr
Агенція, яка здійснювала перезапис UA-OsUOA
Агенція, яка здійснювала модифікацію UA-OsUOA
041 ## - Код мови
Код мови тексту/ звукової доріжки чи окремого заголовка (П) ukr
080 ## - Індекс Універсальної десяткової класифікації
Індекс Універсальної десяткової класифікації (УДК) (НП) 94 (477-25).02: 929
020 ## - Міжнародний стандартний книжковий номер (ISBN)
Міжнародний стандартний книжковий номер (ISBN) (НП) 978-966-8968-05-1
100 ## - Основне введення – ім’я особи
Ім’я особи (НП) Баран В.Д.
245 ## - Відомості про назву
Назва (НП) Кий , Щек і Хорив, сестра їх Либідь та пракорені українського народу
260 ## - Публікація, розповсюдження і т.п. (Вихідні дані)
Місце публікації, розповсюдження і т.п. (П) К.
Ім’я/ наймення видавництва, розповсюджувача і т.п. (П) АтлантЮЕмСі
Дата публікації, розповсюдження і т.п. (П) 2007
300 ## - Фізичний опис
Обсяг 63 с.
650 #7 - Додаткове предметне введення – тематичний термін
Тематичний термін чи географічна назва, як елемент введення (НП) 9 Географія. Біографії. Історія
Джерело заголовка чи терміна UDC
942 ## - Додаткові елементи входу (Коха)
Тип елемента Koha Книги
955 ## - Код типу видання за змістом
Код типу видання за змістом (НП) інше
Фонди
Стан вилучень Стан втрат Джерело класифікації або схеми стелажів Стан уражень Не для кредиту Постійне місце розташування Поточне розміщення Дата придбання Джерело придбання Вартість, звичайна ціна покупки Інвентарний номер Усього замовленно Повний номер виклику Штрих-код Дата останнього перегляду Ціна ефективна від Тип елемента Koha
    Universal Decimal Classification     АБ - Абонемент НБ АБ - Абонемент НБ 25/02/2009 25/2009 12.00 119693   94 (477-25).02: 929 Б24 119693 20/01/2022 25/02/2009 Книги
    Universal Decimal Classification     АБ - Абонемент НБ АБ - Абонемент НБ 25/02/2009 25/2009 12.00 119694   94 (477-25).02: 929 Б24 119694 20/01/2022 25/02/2009 Книги
    Universal Decimal Classification     АБ - Абонемент НБ АБ - Абонемент НБ 25/02/2009 25/2009 12.00 119695   94 (477-25).02: 929 Б24 119695 20/01/2022 25/02/2009 Книги
    Universal Decimal Classification     АБ - Абонемент НБ АБ - Абонемент НБ 25/02/2009 25/2009 12.00 119696   94 (477-25).02: 929 Б24 119696 20/01/2022 25/02/2009 Книги
    Universal Decimal Classification     АБ - Абонемент НБ АБ - Абонемент НБ 25/02/2009 25/2009 12.00 119697   94 (477-25).02: 929 Б24 119697 20/01/2022 25/02/2009 Книги
    Universal Decimal Classification     АБ - Абонемент НБ АБ - Абонемент НБ 25/02/2009 25/2009 12.00 119698   94 (477-25).02: 929 Б24 119698 20/01/2022 25/02/2009 Книги
    Universal Decimal Classification     ЧЗ - Читальна зала ЧЗ - Читальна зала 25/02/2009 25/2009 12.00 119699   94 (477-25).02: 929 Б24 119699 07/02/2022 25/02/2009 Книги
    Universal Decimal Classification     ЧЗ - Читальна зала ЧЗ - Читальна зала 25/02/2009 25/2009 12.00 119700   94 (477-25).02: 929 Б24 119700 07/02/2022 25/02/2009 Книги
    Universal Decimal Classification     ЧЗ - Читальна зала ЧЗ - Читальна зала 25/02/2009 25/2009 12.00 119701   94 (477-25).02: 929 Б24 119701 07/02/2022 25/02/2009 Книги